000 00950nam a2200205Ia 4500
003 Ost
005 20260507075637.0
008 260507s9999||||xx |||||||||||||| ||und||
040 _cfsecg
041 _aara
082 _a650
100 _aمصطفى، نهال فريد
_eمؤلف
245 0 _aأساسيات الأعمال /
_c نهال فريد مصطفى
260 _aالاسكندرية:
_bدار الجامعة الجديدة للنشر,
_c2003
300 _a296 صفحة؛
_bإيضاحات ؛
_c23 سم
520 _aالتعريف بمنظمات الأعمال- قطاع الأعمال في مصر والخصخصة- إدارة التسويق- إدارة الإنتاج والعمليات- إدارة الموارد البشرية- أساسيات التمويل-إدارة رأس المال العامل- مصادر التمويل- الشراء
653 _aإدارة الأعمال
653 _aالأعمال
942 _cكتاب
999 _c45329
_d45329